R. Pothmann: TENS - transkutane elektrische Nervenstimulation

Bibliographic Details
Main Author: Pothmann, R. (Author)
Format: Article
Language:Slovak
Subjects:

MARC

LEADER 00000nab a2200000 a 4500
001 vtls000458540
003 SK-MaSNL
005 20260304100822.0
008 250424c1992 xo 0 slo
015 |a SNBRB19rr/mm-uuuuu 
035 |a CL0458671 
035 |a urn:nbn:sk:snk-ab7aep 
035 |a (uuid)4c8f928f-a0e3-4369-ba15-6d4a202e6d69 
035 |a (urnnbn)urn:nbn:sk:snk:ar-a07djk 
035 |a (sysno)vtls000458540 
040 |a SNKBUCL  |b slo  |c SNKBUCL  |e AACR2 
041 0 |a slo 
044 |a xo  |c SK 
080 |a 615.84  |2 1981 
245 0 0 |a R. Pothmann: TENS - transkutane elektrische Nervenstimulation 
650 0 7 |a liečebná rehabilitácia  |2 snkbucl  |9 3306 
650 0 7 |a stimulácia nervová elektrická transkutánna  |2 snkbucl  |9 1385116 
655 7 |a články z novín a časopisov  |2 snkbucl  |9 267496 
700 1 |a Pothmann, R.  |4 aut  |9 1388707 
773 0 |t EUROREHAB  |g Č. 2 (1992), s. 95 
787 0 8 |i Rec.:  |a Pothmann, R.  |t TENS - transkutane elektrische Nervenstimulation  |d Stuttgart : Hippokrates Verlag, 1991 
850 |a Slovenská národná knižnica 
852 |a Slovenská národná knižnica 
954 |a odborná, vedecká literatúra pôvodná (slovenská)  |2 lita 
958 |a article27 
958 |a OND 
958 |a RK 
958 |a MI 
958 |a EUIPO 
992 |a RBX 
999 |c 2839939  |d 2841869